000 00490cam a22001934a 4500
005 20250605164259.0
008 250528s ||||||||||||||||||||||||d
035 _a22001
020 _a9780131225510
040 _aGR-AtMCL
_bgre
_dGR-AtMCL
_eAACR2
245 1 _aSTRATEGIC MANAGEMENT AND BUSINESS POLICY
250 _a9
260 _bPrentice Hall,
_c2004
700 1 _aHunger David J
_93351
700 1 _aWheelen Thomas L
_93352
942 _cBK
999 _c7057
_d7057